Etica
Αποθηκεύτηκε σε:
| Κύριος συγγραφέας: | |
|---|---|
| Μορφή: | Βιβλίο |
| Γλώσσα: | Ισπανικά |
| Έκδοση: |
Barcelona
Crítica
1981
|
| Έκδοση: | 3a. ed |
| Θέματα: | |
| Ετικέτες: |
Προσθήκη ετικέτας
Δεν υπάρχουν, Καταχωρήστε ετικέτα πρώτοι!
|
MARC
| LEADER | 00000nam a2200000 a 4500 | ||
|---|---|---|---|
| 001 | UCZ0426 | ||
| 003 | CL-VaPUC | ||
| 008 | 950728e19811000SP |||||||||||||||||spa|d | ||
| 082 | 0 | 4 | |a 170 |b SAN |2 21 |
| 100 | 0 | |a Sánchez Vázquez, Adolfo |e author |9 343259 | |
| 245 | 1 | 0 | |a Etica |
| 250 | |a 3a. ed | ||
| 300 | |a 285 p | ||
| 942 | |c BK | ||
| 945 | |d 19950728 00:00:00 |a mfernand | ||
| 260 | |a Barcelona |b Crítica |c 1981 | ||
| 650 | 0 | |a Ética |9 255099 | |
| 650 | 0 | |a Comportamiento moral |9 334569 | |
| 650 | 0 | |a Virtud y vicio |9 310637 | |
| 650 | 0 | |a Conceptos morales |9 310606 | |
| 650 | 7 | |a DESARROLLO MORAL |2 CL-VaPUC |9 310605 | |
| 650 | 0 | |a Valores morales |9 310604 | |
| 583 | |a last modification |c 19950728 00:00:00 |k Rodrigo Vera | ||
| 999 | |c 237355 |d 237353 | ||
| 952 | |0 0 |1 0 |4 0 |6 170_000000000000000_SAN_1981 |7 0 |8 A |9 246334 |a BIBEDU |b BIBEDU |d 2019-11-18 |i 1543970 |o 170 SAN 1981 |p 1543970 |r 2019-11-18 |w 2019-11-18 |y BK |k EDU | ||